Peugeot Modelle - Statistiken

Allgemein
  • Dieses Quiz wurde 27 mal gespielt
  • Das Durchschnittsergebnis liegt bei 4 aus 13
Antwortstatistiken
Hint Antwort % Korrekt
Kleinwagen 208
96%
Limousine 308
96%
Limousine 508
88%
Limousine 408
76%
Kombi 308 SW
28%
Kombi 508 SW
28%
Limousine 508 PSE
4%
Kombi 508 SW PSE
0%
Familienauto e-Expert Kombi
0%
Familienauto e-Rifter
0%
Familienauto e-Traveller
0%
SUV SUV 2008
0%
SUV SUV 5008
0%
Keine übereinstimmenden Quizze gefunden
Verteilung der Resultate
Anzahl Personen mit jedem Resultat
Perzentil nach korrekt beantworteten Fragen
Ihre Resultats-Entwicklung
Sie haben dieses Quiz noch nicht gespielt